Straßenbahnlinie 9 (Wien) - Statistiken

Allgemein
  • Dieses Quiz wurde 5 mal gespielt
  • Das Durchschnittsergebnis liegt bei 18 aus 19
Antwortstatistiken
Station % Korrekt
Blumengasse
100%
Camillo-Sitte-Gasse
100%
Elterleinplatz
100%
Gersthof
100%
Gersthof, Walrißstraße
100%
Guntherstraße
100%
Johann-Nepomuk-Berger-Platz
100%
Panikengasse
100%
Rosensteingasse
100%
Schweglerstraße
100%
Simonygasse
100%
Sommarugagasse
100%
Urban-Loritz-Platz
100%
Vinzenzgasse
100%
Westbahnhof
100%
Beingasse
75%
Feßtgasse
75%
Mayssengasse
75%
Schöffelgasse
50%
Keine übereinstimmenden Quizze gefunden
Verteilung der Resultate
Anzahl Personen mit jedem Resultat
Perzentil nach korrekt beantworteten Fragen
Ihre Resultats-Entwicklung
Sie haben dieses Quiz noch nicht gespielt